[Event "IECC SKO2.1.018"]
[Site "IECC email"]
[Date "2004.12.15"]
[Round "?"]
[White "Bell, Patricia"]
[Black "Coulding, Brad"]
[Result "0-1"]
[WhiteElo "1039"]
[BlackElo "1534"]
[PlyCount "76"]
[EventDate "2004.??.??"]
[EventType "tourn (corr)"]
[EventRounds "10"]
[SourceTitle "Corr 2020"]
[Source "ChessBase"]
[SourceDate "2019.09.30"]
[SourceVersion "1"]
[SourceVersionDate "2019.09.30"]
[SourceQuality "1"]
[WhiteTeam "Canada"]
[BlackTeam "Australia"]
[WhiteTeamCountry "CAN"]
[BlackTeamCountry "AUS"]

1. d4 d5 2. Nf3 Nc6 3. Bf4 Nf6 4. e3 Ne4 5. Nbd2 Bg4 6. Be2 e6 7. 0-0 g5 8. Nxe4 gxf4 9. Nc5 Bxf3 10. Bxf3 Bxc5 11. dxc5 fxe3 12. fxe3 Qg5 13. a3 Qxe3+ 14. Kh1 Rg8 15. Qe2 Qxe2 16. Bxe2 f5 17. Bh5+ Kd7 18. g3 d4 19. Rae1 Raf8 20. Re2 e5 21. Kg2 e4 22. Rf4 Ke6 23. h3 Ne7 24. g4 Nd5 25. Rf1 Ke5 26. Kh2 f4 27. g5 Rxg5 28. Bg4 h5 29. Bf3 Ne3 30. Rff2 exf3 31. Rxf3 Rfg8 32. Rff2 f3 33. Rxf3 Rg2+ 34. Rxg2 Rxg2+ 35. Kh1 Rxc2 36. Rf7 d3 37. Rxc7 d2 38. Kh2 d1Q+ 0-1

[Event "IECC CL7-2003.25 email"]
[Site "IECC email"]
[Date "2003.11.23"]
[Round "?"]
[White "Baznik Wilson, Anthony J"]
[Black "Bell, Patricia"]
[Result "0-1"]
[WhiteElo "1111"]
[BlackElo "1136"]
[PlyCount "68"]
[EventDate "2003.??.??"]
[EventType "tourn (corr)"]
[EventRounds "4"]
[SourceTitle "Corr 2008"]
[Source "ChessBase"]
[SourceDate "2008.06.24"]
[SourceVersion "1"]
[SourceVersionDate "2008.06.24"]
[SourceQuality "1"]

1. d4 d5 2. c4 c6 3. Nf3 Nf6 4. g3 dxc4 5. Nc3 Bf5 6. Bg2 e6 7. Bf4 h6 8. e3 Nbd7 9. e4 Nxe4 10. Nxe4 Bxe4 11. 0-0 Be7 12. Qe2 Bd3 13. Rfe1 Bxe2 14. Rxe2 0-0 15. Rc1 Nb6 16. b3 cxb3 17. axb3 Bd6 18. Bh3 Bxf4 19. gxf4 Nd5 20. Re5 Qe7 21. Rce1 Nxf4 22. Bg4 Nd3 23. R1e3 Nxe5 24. Nxe5 Rad8 25. Rd3 Qg5 26. f3 Qf4 27. h4 Rxd4 28. Nd7 Rd8 29. Rxd4 Qxd4+ 30. Kg2 Rxd7 31. h5 Qb2+ 32. Kg3 Qe5+ 33. f4 Rd3+ 34. Kh4 Qe1# 0-1

[Event "IECC CL7-2003.20 email"]
[Site "IECC email"]
[Date "2003.08.19"]
[Round "?"]
[White "Tassinati, Mirco"]
[Black "Bell, Patricia"]
[Result "0-1"]
[WhiteElo "1057"]
[BlackElo "1104"]
[PlyCount "82"]
[EventDate "2003.??.??"]
[EventType "tourn (corr)"]
[EventRounds "4"]
[SourceTitle "Corr 2008"]
[Source "ChessBase"]
[SourceDate "2008.06.24"]
[SourceVersion "1"]
[SourceVersionDate "2008.06.24"]
[SourceQuality "1"]

1. e4 c6 2. d4 d5 3. e5 c5 4. Nf3 Nc6 5. dxc5 Bg4 6. Bb5 Qa5+ 7. Nc3 a6 8. Bxc6+ bxc6 9. Bd2 Qxc5 10. 0-0 e6 11. Na4 Qb5 12. Nc3 Qb7 13. b3 Ne7 14. h3 Bxf3 15. Qxf3 Nf5 16. g4 Nh4 17. Qg3 Ng6 18. Na4 Be7 19. h4 Qc7 20. Bc3 0-0 21. a3 c5 22. Rfe1 Bxh4 23. Qh2 d4 24. Bb2 Rad8 25. Rad1 Bg5 26. Bc1 Bxc1 27. Rxc1 Rd5 28. f4 Qc6 29. c4 d3 30. Rcd1 Rd4 31. Rf1 Ne7 32. g5 g6 33. Kf2 Qe4 34. Nc3 Qf5 35. Rh1 Rxf4+ 36. Ke1 h5 37. gxh6 Qxe5+ 38. Kd2 Nf5 39. h7+ Kh8 40. Rde1 Qd4 41. Qg1 Rf2+ 0-1

[Event "IECC CL7-2002.23"]
[Site "IECC email"]
[Date "2002.10.22"]
[Round "?"]
[White "Bell, Patricia"]
[Black "Robertson, John"]
[Result "0-1"]
[WhiteElo "1095"]
[BlackElo "1020"]
[PlyCount "62"]
[EventDate "2002.??.??"]
[EventType "tourn (corr)"]
[EventRounds "4"]
[SourceTitle "Corr 2008"]
[Source "ChessBase"]
[SourceDate "2008.06.24"]
[SourceVersion "1"]
[SourceVersionDate "2008.06.24"]
[SourceQuality "1"]

1. d4 Nf6 2. Bf4 d5 3. e3 Nc6 4. Nd2 e6 5. Ngf3 Nh5 6. Bg5 Be7 7. Bxe7 Qxe7 8. Ne5 Nf6 9. c3 Nxe5 10. dxe5 Nd7 11. Nf3 c6 12. Bd3 Nc5 13. Bc2 b6 14. 0-0 0-0 15. h4 h6 16. Bb1 b5 17. Qc2 g6 18. b4 Ne4 19. Qd3 Bb7 20. Bc2 Rad8 21. a4 a6 22. axb5 cxb5 23. g3 h5 24. Nd2 Nxd2 25. Qxd2 Qc7 26. Qd4 Ra8 27. Bd3 Kg7 28. Rfc1 Qd8 29. Qf4 d4 30. cxd4 Qd5 31. Bf1 Qh1# 0-1

[Event "IECC CL8-2001.16"]
[Site "IECC email"]
[Date "2001.06.30"]
[Round "?"]
[White "Bell, Patricia"]
[Black "Turko, Sergey Ivanovich"]
[Result "0-1"]
[WhiteElo "988"]
[BlackElo "1043"]
[PlyCount "68"]
[EventDate "2001.??.??"]
[EventType "tourn (corr)"]
[EventRounds "4"]
[SourceTitle "Corr 2008"]
[Source "ChessBase"]
[SourceDate "2008.06.24"]
[SourceVersion "1"]
[SourceVersionDate "2008.06.24"]
[SourceQuality "1"]

1. d4 d5 2. Nf3 Nf6 3. Bf4 c5 4. c3 e6 5. e3 Qb6 6. Qb3 Nc6 7. Nbd2 Be7 8. h3 c4 9. Qxb6 axb6 10. Be2 b5 11. 0-0 b4 12. cxb4 Nxb4 13. Rfc1 Rxa2 14. Rxa2 Nxa2 15. Rb1 0-0 16. Ra1 Nb4 17. Ra8 Nd3 18. Bxd3 cxd3 19. Ne5 Ne4 20. Nxe4 dxe4 21. Kf1 g5 22. Bh2 f6 23. Ng4 h5 24. Nh6+ Kg7 25. Ng4 hxg4 26. hxg4 e5 27. dxe5 d2 28. Ke2 Bxg4+ 29. Kxd2 Rxa8 30. Kc3 b5 31. Kd4 Rd8+ 32. Kc3 Rd3+ 33. Kc2 Bd1+ 34. Kc1 Bb3 0-1

[Event "IECC CL7-2001.03"]
[Site "IECC email"]
[Date "2001.01.16"]
[Round "?"]
[White "Bell, Patricia"]
[Black "Copin, Jean Christophe"]
[Result "0-1"]
[WhiteElo "978"]
[BlackElo "1126"]
[PlyCount "60"]
[EventDate "2001.??.??"]
[EventType "tourn (corr)"]
[EventRounds "4"]
[SourceTitle "Corr 2008"]
[Source "ChessBase"]
[SourceDate "2008.06.24"]
[SourceVersion "1"]
[SourceVersionDate "2008.06.24"]
[SourceQuality "1"]

1. d4 Nf6 2. Nf3 e6 3. Bf4 c5 4. c3 Ne4 5. e3 d5 6. Nbd2 g5 7. Be5 f6 8. Bxb8 Rxb8 9. dxc5 Bxc5 10. Bd3 Bd7 11. Nxe4 dxe4 12. Bxe4 f5 13. Bc2 g4 14. Ne5 Qc7 15. Ba4 b5 16. Bb3 Qxe5 17. 0-0 Ke7 18. Qd2 Bd6 19. g3 h5 20. Rad1 h4 21. c4 bxc4 22. Bxc4 hxg3 23. fxg3 Rh3 24. b3 Rbh8 25. Rf2 Rxh2 26. Rxh2 Rxh2 27. Kxh2 Qxg3+ 28. Kh1 Bc6+ 29. e4 Bxe4+ 30. Qg2 Qxg2# 0-1

[Event "IECC CL7-2001.03"]
[Site "IECC email"]
[Date "2001.01.16"]
[Round "?"]
[White "Cunningham, Don"]
[Black "Bell, Patricia"]
[Result "1-0"]
[WhiteElo "893"]
[BlackElo "1017"]
[PlyCount "54"]
[EventDate "2001.??.??"]
[EventType "tourn (corr)"]
[EventRounds "4"]
[SourceTitle "Corr 2008"]
[Source "ChessBase"]
[SourceDate "2008.06.24"]
[SourceVersion "1"]
[SourceVersionDate "2008.06.24"]
[SourceQuality "1"]

1. e4 c6 2. d4 d5 3. Nc3 dxe4 4. Nxe4 Bf5 5. Ng3 Bg6 6. Nf3 h6 7. Ne5 Bh7 8. Bc4 e6 9. Nxf7 Kxf7 10. c3 Nf6 11. 0-0 Bd6 12. Qf3 Re8 13. Bf4 Bxf4 14. Qxf4 Nbd7 15. Rfe1 Kg8 16. Bxe6+ Kh8 17. Qf3 Rf8 18. Nf5 Bxf5 19. Bxf5 Qc7 20. Re7 Rad8 21. Bc2 Qd6 22. Rae1 Rg8 23. R1e6 Qd5 24. Qxd5 Nb6 25. Qf3 Rgf8 26. Qd3 Rd5 27. Rxf6 gxf6 1-0

[Event "IECC Swiss email"]
[Site "IECC email"]
[Date "2001.01.05"]
[Round "?"]
[White "Richard, Andy"]
[Black "Bell, Patricia"]
[Result "0-1"]
[WhiteElo "1333"]
[BlackElo "956"]
[PlyCount "50"]
[EventDate "2001.??.??"]
[EventType "tourn (corr)"]
[EventRounds "6"]
[SourceTitle "Corr 2008"]
[Source "ChessBase"]
[SourceDate "2008.06.24"]
[SourceVersion "1"]
[SourceVersionDate "2008.06.24"]
[SourceQuality "1"]

1. Nf3 d5 2. g3 Nf6 3. Bg2 Bf5 4. 0-0 e6 5. d3 Be7 6. Nbd2 Nbd7 7. Re1 0-0 8. e4 dxe4 9. dxe4 Bg6 10. b3 h6 11. Bb2 c6 12. c4 Nc5 13. Ne5 Bh7 14. Qc2 Bd6 15. Nef3 b5 16. cxb5 cxb5 17. Rac1 Rc8 18. Qb1 Be7 19. b4 Nd3 20. Rxc8 Qxc8 21. Qxd3 Qd7 22. Qxd7 Nxd7 23. a3 a6 24. Rc1 Nf6 25. Nd4 Bd8 0-1

[Event "IECC CL7-2000.46"]
[Site "IECC email"]
[Date "2000.09.15"]
[Round "?"]
[White "Bell, Patricia"]
[Black "Gordon, Scot"]
[Result "1-0"]
[WhiteElo "998"]
[BlackElo "980"]
[PlyCount "49"]
[EventDate "2000.??.??"]
[EventType "tourn (corr)"]
[EventRounds "4"]
[SourceTitle "Corr 2008"]
[Source "ChessBase"]
[SourceDate "2008.06.24"]
[SourceVersion "1"]
[SourceVersionDate "2008.06.24"]
[SourceQuality "1"]

1. d4 d5 2. Nf3 Nf6 3. Bg5 e6 4. e3 Nc6 5. Nbd2 Bb4 6. c3 Ba5 7. Bd3 0-0 8. 0-0 b6 9. Bb5 Bd7 10. Nb3 a6 11. Bxc6 Bxc6 12. Nxa5 bxa5 13. Ne5 Bb5 14. Re1 c6 15. Qc2 Qc8 16. Bxf6 c5 17. Be7 Re8 18. Bxc5 f6 19. Nf3 e5 20. a4 Bc4 21. dxe5 Qxc5 22. Rad1 Rad8 23. b3 fxe5 24. Ng5 Rf8 25. Qxh7# 1-0

[Event "IECC CL7-2000.46"]
[Site "IECC email"]
[Date "2000.09.15"]
[Round "?"]
[White "Leino, Risto"]
[Black "Bell, Patricia"]
[Result "1-0"]
[WhiteElo "952"]
[BlackElo "1040"]
[PlyCount "51"]
[EventDate "2000.??.??"]
[EventType "tourn (corr)"]
[EventRounds "4"]
[SourceTitle "Corr 2008"]
[Source "ChessBase"]
[SourceDate "2008.06.24"]
[SourceVersion "1"]
[SourceVersionDate "2008.06.24"]
[SourceQuality "1"]

1. e4 c6 2. d4 d5 3. Nc3 dxe4 4. Nxe4 Nd7 5. Bc4 Ngf6 6. Ng3 e6 7. Nf3 Nb6 8. b3 c5 9. 0-0 Be7 10. Bf4 Bd7 11. Re1 Nxc4 12. bxc4 0-0 13. Ne5 Ba4 14. dxc5 Bxc5 15. Qxd8 Rfxd8 16. Ne4 Nxe4 17. Rxe4 Bxc2 18. Re2 Ba4 19. Rb1 Rab8 20. Be3 Bc2 21. Rxc2 Bxe3 22. fxe3 h6 23. Rf2 f6 24. Ng6 Rd3 25. Re1 Kf7 26. Ne5+ 1-0